Δογματική της ορθοδόξου ανατολικής εκκλησίας
Αποθηκεύτηκε σε:
| Κύριος συγγραφέας: | |
|---|---|
| Μορφή: | Βιβλίο |
| Γλώσσα: | Greek |
| Δημοσίευση: |
Αθήναι :
Αστήρ,
1956
|
| Έκδοση: | 2η έκδ. |
| Θέματα: | |
| Ετικέτες: |
Προσθήκη ετικέτας
Δεν υπάρχουν, Καταχωρήστε ετικέτα πρώτοι!
|
MARC
| LEADER | 00000cam a2200000 i 4500 | ||
|---|---|---|---|
| 001 | 1/21329 | ||
| 008 | 060110s1956 gre d | ||
| 035 | |l 10081851 | ||
| 040 | |a GR-MY-UA |b gre |e aacr | ||
| 041 | 0 | |a gre | |
| 082 | 0 | |a 230.19 |2 (22) | |
| 100 | 1 | |a Ανδρούτσος, Χρήστος. | |
| 245 | 1 | 0 | |a Δογματική της ορθοδόξου ανατολικής εκκλησίας / |c υπό Χρήστου Ανδρούτσου |
| 250 | |a 2η έκδ. | ||
| 260 | |a Αθήναι : |b Αστήρ, |c 1956 | ||
| 300 | |a 460 σ.; |c 22 εκ. | ||
| 504 | |a Περιέχει βιβλιογραφικές παραπομπές | ||
| 650 | 0 | 0 | |a Theology, Doctrinal. |
| 852 | |a INST |b RHODES |c KRI |e 20060110 |h 230.19 ΑΝΔ |p 005400028448 |q 005400028448 |t BK |y 0 | ||
| 901 | |a BIBL4-2006-1 | ||
| 909 | |a Ρ |b 122917 | ||
| 922 | |a 4ΕΛΗ | ||
| 970 | |a ΣΙΔΕΡΗ |b ΝΕΚΤΑΡΙΑ |z 2006/01/10 | ||